| 000 -LEADER |
| fixed length control field |
00807cam a2200217 a 4500 |
| 001 - CONTROL NUMBER |
| control field |
15218938 |
| 005 - DATE AND TIME OF LATEST TRANSACTION |
| control field |
20211018120840.0 |
| 008 - FIXED-LENGTH DATA ELEMENTS--GENERAL INFORMATION |
| fixed length control field |
080314s2007 caua 000 0 eng d |
| 020 ## - INTERNATIONAL STANDARD BOOK NUMBER |
| International Standard Book Number |
9788779897519 |
| 080 ## - UNIVERSAL DECIMAL CLASSIFICATION NUMBER |
| Universal Decimal Classification number |
299.936 H-88 |
| 100 1# - MAIN ENTRY--PERSONAL NAME |
| Personal name |
Hubbard, L. Ron |
| Fuller form of name |
|
| Dates associated with a name |
|
| 9 (RLIN) |
12506 |
| 245 14 - TITLE STATEMENT |
| Title |
The creation of human ability : |
| Remainder of title |
a handbook for Scientologists / |
| Statement of responsibility, etc. |
L. Ron Hubbard. |
| 264 ## - PRODUCTION, PUBLICATION, DISTRIBUTION, MANUFACTURE, AND COPYRIGHT NOTICE |
| Place of production, publication, distribution, manufacture |
Los Angeles |
| Name of producer, publisher, distributor, manufacturer |
New Era, |
| Date of production, publication, distribution, manufacture, or copyright notice |
2007. |
| 300 ## - PHYSICAL DESCRIPTION |
| Extent |
529 p. : |
| Other physical details |
ill. ; |
| Dimensions |
25 cm. |
| 440 ## - SERIES STATEMENT/ADDED ENTRY--TITLE |
| Title |
A scientology Publication |
| 9 (RLIN) |
12670 |
| 650 #0 - SUBJECT ADDED ENTRY--TOPICAL TERM |
| Topical term or geographic name entry element |
Scientology. |
| 9 (RLIN) |
12671 |
| 653 ## - INDEX TERM--UNCONTROLLED |
| keyword |
ადამიანის შესაძლებლობების შექმნა |
| 653 ## - INDEX TERM--UNCONTROLLED |
| keyword |
The creation of human ability |
| 942 ## - ADDED ENTRY ELEMENTS (KOHA) |
| Source of classification or shelving scheme |
|
| Koha item type |
წიგნი |